| 000 | 01053cam a22003135i 4500 | ||
|---|---|---|---|
| 999 |
_c27579 _d27550 |
||
| 001 | 018645939 | ||
| 003 | EG-ScBUE | ||
| 005 | 20190905122230.0 | ||
| 008 | 171205t2018 stk f b 000 0 eng d | ||
| 020 | _a9781474428972 (pbk.) | ||
| 040 |
_aStDuBDS _beng _erda _cStDuBDS _dEG-ScBUE |
||
| 082 | 0 | 4 |
_a425 _bCAR _222 |
| 100 | 1 |
_aCarstairs-McCarthy, Andrew, _d1945- _eauthor. |
|
| 245 | 1 | 3 |
_aAn introduction to English morphology : _bwords and their structure / _cAndrew Carstairs-McCarthy. |
| 250 | _aSecond edition. | ||
| 264 | 1 |
_aEdinburgh : _bEdinburgh University Press, _c[2018] |
|
| 264 | 4 | _cc2018. | |
| 300 |
_aviii, 154 pages ; _c22 cm. |
||
| 336 |
_atext _btxt _2rdacontent |
||
| 337 |
_aunmediated _bn _2rdamedia |
||
| 338 |
_avolume _bnc _2rdacarrier |
||
| 490 | 0 | _aEdinburgh textbooks on the English language | |
| 500 | _aPrevious edition: 2002. | ||
| 504 | _aIncludes bibliographical references and index. | ||
| 650 | 0 |
_aEnglish language _xMorphology. |
|
| 653 |
_bHHUUEENN _cSeptember2019 |
||
| 655 | _vReading book | ||
| 942 |
_2ddc _cBB |
||